[Event "Chigorin Memorial 2019"]
[Site "St Petersburg RUS"]
[Date "2019.10.06"]
[Round "2.64"]
[White "Obgolts, Erik"]
[Black "Zhafyarov, Adel"]
[Result "1-0"]
[WhiteTitle "FM"]
[WhiteElo "2352"]
[BlackElo "2089"]
[WhiteFideId "24199044"]
[BlackFideId "34147630"]
[EventDate "2019.10.05"]

1. e4 e5 2. Nf3 Nf6 3. Nxe5 d6 4. Nf3 Nxe4 5. d4 Nf6 6. Bd3 Be7 7. h3 O-O 8. O-O
Re8 9. c4 Nbd7 10. Nc3 Nf8 11. Bf4 Bd7 12. Re1 c6 13. Qc2 a6 14. b4 b5 15. c5
Be6 16. Rad1 Qd7 17. Ng5 a5 18. a3 axb4 19. axb4 g6 20. cxd6 Bxd6 21. Be5 Be7
22. Nge4 Nxe4 23. Nxe4 Bd5 24. Qc1 Qd8 25. Nc5 Bg5 26. Qc3 Bh4 27. Be4 f5 28.
Bf3 Ra2 29. g3 Bg5 30. Nb7 Qa8 31. Bxd5+ cxd5 32. Qb3 Ra7 33. Nd6 Ra3 34. Qb1
Re6 35. Nxb5 Rb6 36. Nxa3 Qxa3 37. Qc2 Qxb4 38. Rb1 Qd2 39. Qxd2 Bxd2 40. Rxb6
Bxe1 41. Rd6 Kf7 42. Rxd5 Ke7 43. Bd6+ Ke6 44. Re5+ Kxd6 45. Rxe1 Ne6 46. Kg2
Nxd4 47. Re8 f4 48. gxf4 Kd7 49. Rh8 h5 50. Rg8 Nf5 51. Kf3 Ke7 52. Ke4 Kf6 53.
Rf8+ Ke6 54. Rxf5 gxf5+ 55. Kd4 h4 56. Kc5 1-0

[Event "Chigorin Memorial 2019"]
[Site "St Petersburg RUS"]
[Date "2019.10.06"]
[Round "2.65"]
[White "Skvortsov, Alexander"]
[Black "Ponfilenok, Vladimir"]
[Result "0-1"]
[WhiteElo "2092"]
[BlackElo "2348"]
[WhiteFideId "24170038"]
[BlackFideId "24113522"]
[EventDate "2019.10.05"]

1. e4 e6 2. d4 d5 3. Nc3 Bb4 4. e5 Ne7 5. a3 Bxc3+ 6. bxc3 c5 7. Nf3 b6 8. h4
Ba6 9. Bxa6 Nxa6 10. h5 h6 11. Qd3 Nb8 12. a4 Qc7 13. a5 c4 14. Qe3 b5 15. Ba3
Qxa5 16. Kd2 Qb6 17. Qf4 a5 18. Bc5 Qb7 19. Rhb1 Nd7 20. Bd6 Qc6 21. Kd1 Nb6 22.
g4 Na4 23. Rxa4 bxa4 24. Qc1 Qd7 25. Rb2 O-O 26. Qb1 Ra7 27. Bc5 Rc7 28. Bd6 a3
29. Bxa3 a4 30. Rb6 Ra8 31. Bd6 Rca7 32. Bb8 Ra6 33. Rb7 Qe8 34. Bd6 Nc6 35. g5
a3 36. gxh6 a2 37. Qa1 gxh6 38. Ke2 Kh7 39. Nh4 Qg8 40. Ng6 R6a7 41. Rxa7 Rxa7
42. Nf8+ Kh8 43. Bc5 Qg4+ 44. f3 Qg2+ 45. Ke3 Ra8 46. Nd7 Qxc2 0-1

[Event "Chigorin Memorial 2019"]
[Site "St Petersburg RUS"]
[Date "2019.10.06"]
[Round "2.66"]
[White "Nandhidhaa, P V"]
[Black "Gorovenko, Darya"]
[Result "1-0"]
[WhiteTitle "WIM"]
[BlackTitle "WFM"]
[WhiteElo "2348"]
[BlackElo "2088"]
[WhiteFideId "5050847"]
[BlackFideId "24173800"]
[EventDate "2019.10.05"]

1. e4 c5 2. Nc3 d6 3. d4 cxd4 4. Qxd4 a6 5. b3 Nc6 6. Qd2 g6 7. Bb2 Bh6 8. f4 e5
9. Nge2 Nf6 10. O-O-O O-O 11. Kb1 Ng4 12. Re1 b5 13. Rg1 Qb6 14. Nd5 Qa7 15. h3
Nf2 16. Nf6+ Kg7 17. Qxd6 Bb7 18. Ng3 Rad8 19. Nf5+ Kh8 20. Nd7 Nxe4 21. Rxe4
gxf5 22. Qxh6 Rg8 23. Rxe5 Qxg1 24. Qf6+ Rg7 25. Re8+ 1-0

[Event "Chigorin Memorial 2019"]
[Site "St Petersburg RUS"]
[Date "2019.10.06"]
[Round "2.67"]
[White "Miroshnik, Ekaterina"]
[Black "Ovchinnikov, Vsevolod"]
[Result "1/2-1/2"]
[WhiteTitle "WFM"]
[BlackTitle "FM"]
[WhiteElo "2089"]
[BlackElo "2345"]
[WhiteFideId "34127698"]
[BlackFideId "24176842"]
[EventDate "2019.10.05"]

1. d4 Nf6 2. c4 g6 3. Nc3 Bg7 4. e3 d6 5. Nf3 O-O 6. Be2 Nbd7 7. O-O e5 8. dxe5
dxe5 9. e4 b6 10. Qc2 c6 11. Be3 Qe7 12. Rad1 Re8 13. a3 Nf8 14. Rfe1 Bg4 15. h3
Bxf3 16. Bxf3 Ne6 17. Ne2 Red8 18. g3 Rxd1 19. Rxd1 Rd8 20. Bg2 Rxd1+ 21. Qxd1
Qd7 22. Qxd7 Nxd7 23. Nc1 Bf8 24. Nd3 Bc5 25. Nxc5 Ndxc5 26. Kf1 f6 27. Ke2 Nb7
28. Kd3 Kf7 29. b4 c5 30. h4 Ke7 31. f4 Nd6 32. fxe5 fxe5 33. Bh3 Nb7 34. Bg4
Kd6 35. Kc3 Nbd8 36. Bh6 Nf7 37. Be3 Nd4 38. Kd3 Nc6 39. Kc3 Nd4 40. Kd3 Nc6 1/2-1/2

[Event "Chigorin Memorial 2019"]
[Site "St Petersburg RUS"]
[Date "2019.10.06"]
[Round "2.68"]
[White "Gubajdullin, Alexei"]
[Black "Rudikov, Dmitry"]
[Result "1-0"]
[WhiteTitle "FM"]
[WhiteElo "2345"]
[BlackElo "2085"]
[WhiteFideId "4141202"]
[BlackFideId "44147171"]
[EventDate "2019.10.05"]

1. d4 Nf6 2. Bf4 g6 3. e3 Bg7 4. Nf3 O-O 5. Be2 d6 6. O-O Nfd7 7. c4 e5 8. Bg3
Nc6 9. Nc3 h6 10. Rc1 f5 11. c5 Kh7 12. cxd6 cxd6 13. Nb5 Qe7 14. Nc7 Rb8 15.
Nd5 Qd8 16. b4 Re8 17. b5 Ne7 18. Bh4 g5 19. Bxg5 hxg5 20. Nxg5+ Kg8 21. Bc4
Nxd5 22. Bxd5+ Kf8 23. Qh5 1-0

[Event "Chigorin Memorial 2019"]
[Site "St Petersburg RUS"]
[Date "2019.10.06"]
[Round "2.69"]
[White "Putrenko, Kirill"]
[Black "Askerov, Marat"]
[Result "1-0"]
[BlackTitle "FM"]
[WhiteElo "1974"]
[BlackElo "2334"]
[WhiteFideId "44148402"]
[BlackFideId "24175200"]
[EventDate "2019.10.05"]

1. d4 e6 2. c4 Bb4+ 3. Bd2 a5 4. Nf3 Nf6 5. a3 Bxd2+ 6. Qxd2 d6 7. Nc3 Nbd7 8.
g3 e5 9. Bg2 exd4 10. Qxd4 a4 11. O-O O-O 12. Rad1 Nc5 13. e4 Nb3 14. Qd3 Be6
15. Rfe1 Nd7 16. Nd5 Bg4 17. Qc3 Ne5 18. Nxe5 Bxd1 19. Rxd1 dxe5 20. Qxe5 Kh8
21. Qxc7 Qxc7 22. Nxc7 Rac8 23. Nd5 Rxc4 24. Nc3 g5 25. e5 Rc7 26. Nxa4 Re8 27.
Bd5 Nc1 28. Nc3 Rxe5 29. Kf1 g4 30. Rd4 f5 31. Bc4 Kg7 32. Nd5 Rd7 33. Rd1 b5
34. Rxc1 bxc4 35. Ne3 c3 36. Rxc3 Rd2 37. b4 Ra2 38. Rb3 Rb5 39. Kg2 Kf6 40. Rc3
Ke5 41. Rd3 Ke4 42. Rc3 h5 43. Rc4+ Ke5 44. Rf4 Ke6 45. Nc4 Rb8 46. Rd4 Rc2 47.
Ne3 Rb5 48. Nxc2 1-0

[Event "Chigorin Memorial 2019"]
[Site "St Petersburg RUS"]
[Date "2019.10.06"]
[Round "2.70"]
[White "Maltsevskaya, Aleksandra"]
[Black "Martynyuk, Elizaveta"]
[Result "1-0"]
[WhiteTitle "WGM"]
[BlackTitle "FM"]
[WhiteElo "2333"]
[BlackElo "2072"]
[WhiteFideId "24174041"]
[BlackFideId "24128511"]
[EventDate "2019.10.05"]

1. Nf3 d5 2. g3 Nf6 3. Bg2 c6 4. O-O Bf5 5. d3 h6 6. Nbd2 e6 7. b3 Nbd7 8. Bb2
a5 9. a3 Bc5 10. e4 dxe4 11. dxe4 Bh7 12. Qe2 O-O 13. Rad1 Qe7 14. a4 Ba3 15.
Ba1 Rfd8 16. e5 Nd5 17. Nc4 b5 18. axb5 cxb5 19. Nd6 Rab8 20. Nd4 Nxe5 21. N6xb5
Bd6 22. Nxd6 Qxd6 23. c4 Nf6 24. Nf5 Qa3 25. Nxh6+ Kf8 26. Qxe5 Bc2 27. Rxd8+
Rxd8 28. Ng4 Ne8 29. Bc6 f6 30. Qxe6 1-0

[Event "Chigorin Memorial 2019"]
[Site "St Petersburg RUS"]
[Date "2019.10.06"]
[Round "2.71"]
[White "Sidorov, Dmitry I"]
[Black "Tsoi, Dmitry"]
[Result "1/2-1/2"]
[BlackTitle "FM"]
[WhiteElo "2059"]
[BlackElo "2329"]
[WhiteFideId "44155360"]
[BlackFideId "24194697"]
[EventDate "2019.10.05"]

1. d4 f5 2. Nf3 Nf6 3. g3 e6 4. Bg2 d5 5. O-O Bd6 6. c4 c6 7. Nc3 O-O 8. Rb1 Qe7
9. Qc2 Nbd7 10. Bf4 Ne4 11. Bxd6 Nxd6 12. Nd2 f4 13. e3 g5 14. Rbe1 Qf6 15. cxd5
exd5 16. e4 Qxd4 17. exd5 fxg3 18. hxg3 Ne5 19. Nb3 Qd3 20. Qxd3 Nxd3 21. Re7
Bg4 22. dxc6 bxc6 23. Bxc6 Rad8 24. Rxa7 Bh3 25. Bg2 g4 26. Bxh3 gxh3 27. Ra4
Nf5 28. Nd1 Ne5 29. Kh2 h5 30. Kxh3 h4 31. Re4 Nxg3 32. fxg3 Rxf1 33. Ne3 Nd3
34. Rg4+ Kf7 35. Nxf1 Nf2+ 36. Kxh4 Rh8+ 37. Kg5 Rg8+ 38. Kf4 Nxg4 39. Nc5 Nf6
40. Kf3 Rg5 41. Nd3 Rf5+ 42. Ke2 Ne4 43. a4 Ke7 44. g4 Rf8 45. Ne3 Ra8 46. b3
Rb8 47. Nf5+ Kf6 48. Ke3 Nc3 49. Nc5 1/2-1/2

[Event "Chigorin Memorial 2019"]
[Site "St Petersburg RUS"]
[Date "2019.10.06"]
[Round "2.72"]
[White "Mnatsakanian, Arsen"]
[Black "Aseev, Vladimir"]
[Result "1-0"]
[WhiteElo "2321"]
[BlackElo "2057"]
[WhiteFideId "24189820"]
[BlackFideId "24121371"]
[EventDate "2019.10.05"]

1. e4 c5 2. Nc3 Nc6 3. Bb5 g6 4. Bxc6 dxc6 5. d3 Bg7 6. Be3 b6 7. Nge2 Nf6 8. h3
e5 9. Qd2 h6 10. f4 exf4 11. Bxf4 Nh5 12. Be3 Qh4+ 13. g3 Qe7 14. O-O-O Be6 15.
Nf4 O-O-O 16. Nxe6 Qxe6 17. g4 Ng3 18. Rh2 h5 19. Bf4 h4 20. Kb1 Be5 21. Bxe5
Qxe5 22. Rf2 Rd7 23. Qf4 Re8 24. Rdd2 f5 25. gxf5 gxf5 26. exf5 Qxf4 27. Rxf4
Rd4 28. Rf3 b5 29. f6 b4 30. Nd1 Rf8 31. Nf2 Nh5 32. Ne4 Rd5 33. c4 Re5 34. Rg2
Kd7 35. Rg4 Ng3 36. Rxh4 Ne2 37. Rh7+ Kc8 38. Re3 Rxf6 39. Rxe2 1-0

[Event "Chigorin Memorial 2019"]
[Site "St Petersburg RUS"]
[Date "2019.10.06"]
[Round "2.73"]
[White "Iliaguev, Daniel"]
[Black "Goltseva, Ekaterina"]
[Result "0-1"]
[BlackTitle "FM"]
[WhiteElo "2082"]
[BlackElo "2317"]
[WhiteFideId "2818434"]
[BlackFideId "24173770"]
[EventDate "2019.10.05"]

1. Nf3 d5 2. g3 Nf6 3. Bg2 c5 4. O-O e6 5. c4 d4 6. d3 Nc6 7. e3 Bd6 8. exd4
cxd4 9. Bg5 h6 10. Bxf6 Qxf6 11. Nbd2 Qd8 12. a3 a5 13. Rc1 O-O 14. Qe2 Re8 15.
c5 Bc7 16. Nc4 e5 17. Nfd2 f5 18. Rfe1 Bd7 19. Rb1 Rb8 20. b4 axb4 21. axb4 Na7
22. Na3 Nb5 23. Nxb5 Bxb5 24. Nc4 Bxc4 25. dxc4 e4 26. Qh5 Qf6 27. f3 e3 28. Bf1
Re7 29. f4 g5 30. fxg5 hxg5 31. Bd3 Kg7 32. Re2 Rh8 33. Qf3 f4 34. Rf1 Rf7 35.
Rg2 fxg3 36. Qxf6+ Rxf6 37. hxg3 Rfh6 38. Rc2 Rh1+ 39. Kg2 R8h2+ 40. Kf3 Rxf1+ 0-1

[Event "Chigorin Memorial 2019"]
[Site "St Petersburg RUS"]
[Date "2019.10.06"]
[Round "2.74"]
[White "Goltsev, Dmitry"]
[Black "Zhukov, Maksim"]
[Result "1/2-1/2"]
[WhiteTitle "FM"]
[BlackTitle "FM"]
[WhiteElo "2309"]
[BlackElo "2000"]
[WhiteFideId "24176710"]
[BlackFideId "34181790"]
[EventDate "2019.10.05"]

1. e4 c6 2. d4 d5 3. e5 c5 4. dxc5 e6 5. Be3 Nc6 6. Bb5 Bd7 7. Bxc6 Bxc6 8. Bd4
Ne7 9. Ne2 Nf5 10. c3 Nxd4 11. cxd4 b6 12. cxb6 Qxb6 13. Qc2 Bb4+ 14. Nbc3 O-O
15. O-O Rfc8 16. Rfc1 Bb5 17. Qd1 Bc4 18. Nf4 Be7 19. Rc2 Rc6 20. b3 Bb5 21.
Nxb5 Qxb5 22. Rxc6 Qxc6 23. Rc1 Qa6 24. Rc2 Rc8 25. Qc1 Rxc2 26. Qxc2 Qb6 27.
Ne2 f6 28. Nf4 fxe5 29. dxe5 Bc5 30. g3 a5 31. Kg2 Bb4 32. Qc8+ Kf7 33. Qh8 Bd2
34. Qxh7 Bxf4 35. gxf4 Qd4 36. Qh5+ Kf8 37. Qf3 g6 38. Qe3 Qb4 39. Kg3 d4 40.
Qf3 Qc3 41. Kg4 d3 42. Kg5 Qd4 43. Kf6 Qd8+ 44. Kxg6 d2 45. Qd1 Qd3+ 46. Kh6 Ke7
47. h4 Kd7 48. h5 Kc7 49. Kg7 Qc3 50. h6 Qc1 51. Qxd2 Qxd2 52. h7 Qd7+ 53. Kg8
Qd8+ 54. Kg7 1/2-1/2

[Event "Chigorin Memorial 2019"]
[Site "St Petersburg RUS"]
[Date "2019.10.06"]
[Round "2.75"]
[White "Loktionov, Kirill"]
[Black "Iliaguev, Nisim"]
[Result "0-1"]
[BlackTitle "FM"]
[WhiteElo "1866"]
[BlackElo "2310"]
[WhiteFideId "54120403"]
[BlackFideId "2817276"]
[EventDate "2019.10.05"]

1. d4 Nf6 2. c4 e6 3. a3 c5 4. dxc5 Bxc5 5. Nf3 O-O 6. b4 Be7 7. e3 d5 8. Bb2 a5
9. b5 Nbd7 10. cxd5 Nxd5 11. e4 Nf4 12. g3 Ng6 13. Qc2 Bf6 14. Bxf6 Qxf6 15. Qc3
b6 16. Bg2 Bb7 17. Qxf6 Nxf6 18. Nbd2 Nxe4 19. Nxe4 Bxe4 20. Nh4 Bxg2 21. Nxg2
Ne5 22. Ke2 Rac8 23. Rhc1 Nc4 24. Ne3 Nd6 25. a4 Rfd8 26. Rc6 Rxc6 27. bxc6 Rc8
28. Rc1 Rc7 29. Kd3 Kf8 30. Rc3 Ke7 31. Nc2 f5 32. f3 e5 33. Na3 e4+ 34. Ke3
exf3 35. Kxf3 Ne4 36. Rc2 Nc5 37. Kf4 Kf6 38. Nb5 Rxc6 39. Kf3 g5 40. g4 f4 41.
Rc4 Re6 42. Nc7 Re3+ 43. Kf2 Ke5 44. Na8 Nd3+ 45. Kf1 f3 0-1

[Event "Chigorin Memorial 2019"]
[Site "St Petersburg RUS"]
[Date "2019.10.06"]
[Round "2.76"]
[White "Postnikov, Artem"]
[Black "Nuritdinov, Nizomitdin"]
[Result "1-0"]
[WhiteTitle "FM"]
[WhiteElo "2297"]
[BlackElo "1771"]
[WhiteFideId "34153575"]
[BlackFideId "34177245"]
[EventDate "2019.10.05"]

1. e4 c6 2. d4 d5 3. Nc3 dxe4 4. Nxe4 Bf5 5. Ng3 Bg6 6. h4 h6 7. N1e2 Nf6 8. Nf4
Bh7 9. c3 e6 10. Bc4 Nbd7 11. Qe2 Be7 12. O-O O-O 13. Re1 Re8 14. Qf3 Nd5 15. h5
Bd6 16. Ne4 Bxe4 17. Rxe4 N7f6 18. Bxd5 exd5 19. Rxe8+ Qxe8 20. Be3 Qe4 21. Qxe4
dxe4 22. Re1 Re8 23. Bd2 Bxf4 24. Bxf4 Nxh5 25. Be5 f5 26. b4 Kf7 27. b5 cxb5
28. Rb1 a6 29. a4 Rc8 30. axb5 a5 31. b6 Rc4 32. Rb5 Nf6 33. Bxf6 Kxf6 34. Rc5
Ra4 35. g4 g6 36. gxf5 gxf5 37. Rc7 f4 38. Rxb7 f3 39. Rb8 Ra1+ 40. Kh2 Rb1 41.
b7 Ke7 42. Rh8 e3 43. b8=Q Rxb8 44. Rxb8 exf2 45. Rb1 Ke6 46. Kg3 Kd5 47. Kxf2
Kc4 48. Ra1 1-0

[Event "Chigorin Memorial 2019"]
[Site "St Petersburg RUS"]
[Date "2019.10.06"]
[Round "2.77"]
[White "Pereverzev, Timofei"]
[Black "Stukan, Martin"]
[Result "0-1"]
[BlackTitle "FM"]
[WhiteElo "1479"]
[BlackElo "2295"]
[WhiteFideId "24239500"]
[BlackFideId "34171980"]
[EventDate "2019.10.05"]

1. e4 c5 2. Nf3 d6 3. d4 cxd4 4. Nxd4 Nf6 5. Nc3 a6 6. Be2 e5 7. Nb3 Be7 8. Be3
Be6 9. O-O Nbd7 10. Qd2 Rc8 11. a4 Nb6 12. Rfd1 Nc4 13. Bxc4 Rxc4 14. f3 O-O 15.
a5 Qc8 16. Ra4 Rc6 17. Nc1 d5 18. exd5 Nxd5 19. Nxd5 Bxd5 20. c3 Rd8 21. Qc2 Rg6
22. Kh1 Qc6 23. Rf1 Bc4 24. Re1 Be6 25. Bb6 Bh3 26. Rg1 Rd7 27. Ne2 Bf5 28. Qb3
Rd2 29. Rc4 Qe6 30. Nc1 Rxb2 31. Qa4 Bf8 32. Rc7 Bh3 33. g3 Rh6 34. Be3 Rxh2+
35. Kxh2 Bf1+ 36. Bxh6 Qh3# 0-1

[Event "Chigorin Memorial 2019"]
[Site "St Petersburg RUS"]
[Date "2019.10.06"]
[Round "2.78"]
[White "Yeritsyan, Hayk"]
[Black "Nagaeva, Aliia"]
[Result "1-0"]
[WhiteElo "2292"]
[BlackElo "1542"]
[WhiteFideId "13307320"]
[BlackFideId "54152275"]
[EventDate "2019.10.05"]

1. d4 Nf6 2. c4 e6 3. g3 Bb4+ 4. Bd2 Be7 5. Bg2 d5 6. Nf3 O-O 7. O-O c6 8. Qc2
Nbd7 9. Bf4 Ne4 10. Nc3 f5 11. Rad1 Ndf6 12. Ne5 Bd7 13. f3 Nxc3 14. bxc3 b5 15.
c5 Nh5 16. Bc1 g6 17. g4 Ng7 18. e4 Bf6 19. gxf5 gxf5 20. Nxd7 Qxd7 21. Bh6 Kh8
22. Kh1 Rf7 23. e5 Bh4 24. f4 Rg8 25. Bf3 Be7 26. Rg1 Bf8 27. Qg2 Re7 28. Bh5
Qc8 29. Rd3 Rb7 30. Rg3 a5 31. a3 a4 32. Qh3 Qd7 33. Qh4 Rb8 34. Bg6 Be7 35. Bg5
h5 36. Bxe7 Rb7 37. Bf6 1-0

[Event "Chigorin Memorial 2019"]
[Site "St Petersburg RUS"]
[Date "2019.10.06"]
[Round "2.81"]
[White "Khegay, Dmitriy"]
[Black "Khodko, Yurii N."]
[Result "1-0"]
[WhiteTitle "IM"]
[WhiteElo "2509"]
[BlackElo "1877"]
[WhiteFideId "24153729"]
[BlackFideId "24264717"]
[EventDate "2019.10.05"]

1. Nf3 Nf6 2. g3 g6 3. b3 Bg7 4. Bb2 d5 5. Bg2 c5 6. O-O O-O 7. c4 d4 8. b4 Na6
9. b5 Nc7 10. d3 Re8 11. Nbd2 e5 12. Qc2 Nd7 13. e3 f5 14. exd4 cxd4 15. Rfe1 b6
16. Nb3 Rb8 17. a4 Ne6 18. a5 Bb7 19. axb6 axb6 20. Ra7 Nec5 21. Nxc5 Nxc5 22.
Rd1 Re7 23. Raa1 Qc7 24. Ba3 e4 25. Bxc5 bxc5 26. Ne1 h5 27. Ra7 Qd6 28. Rxb7
Rexb7 29. dxe4 Rf7 30. e5 Bxe5 31. Bd5 Bf6 32. Nd3 Kg7 33. Bxf7 Kxf7 34. Qa2 Rc8
35. Rb1 Bd8 36. Qa7+ Rc7 37. Qb8 Qe7 38. Re1 Qd6 39. b6 Rd7 40. Ne5+ Kg7 41.
Nxd7 Qxb8 42. Nxb8 Bxb6 1-0

[Event "Chigorin Memorial 2019"]
[Site "St Petersburg RUS"]
[Date "2019.10.06"]
[Round "2.82"]
[White "Bajaramov, Elvin"]
[Black "Duzhakov, Ilya"]
[Result "0-1"]
[BlackTitle "IM"]
[WhiteElo "1881"]
[BlackElo "2401"]
[WhiteFideId "24142514"]
[BlackFideId "4192516"]
[EventDate "2019.10.05"]

1. c4 e5 2. Nc3 Nf6 3. Nf3 Nc6 4. g3 d5 5. cxd5 Nxd5 6. Bg2 Nb6 7. O-O Be7 8. a3
O-O 9. d3 Be6 10. b4 f6 11. Bb2 a5 12. b5 Nd4 13. Nd2 Qc8 14. e3 Nf5 15. Rc1 Rd8
16. Qc2 a4 17. Nce4 Ra5 18. Qxc7 Rxb5 19. g4 Qxc7 20. Rxc7 Nd5 21. Rc2 Nfxe3 22.
fxe3 Nxe3 23. Rfc1 Nxc2 24. Rxc2 Bxg4 25. Nc3 Rc5 26. Bf1 Rc7 27. Rc1 Bc5+ 28.
Kg2 Be3 29. Rc2 Bd1 30. Nxd1 Rxc2 31. Nxe3 Rxd2+ 32. Kg3 Rxb2 33. Nc4 Rb3 34.
Kg4 Rd4+ 35. Kf5 Rxc4 0-1

[Event "Chigorin Memorial 2019"]
[Site "St Petersburg RUS"]
[Date "2019.10.06"]
[Round "2.83"]
[White "Palchun, Grigory"]
[Black "Kuzmin, Roman"]
[Result "0-1"]
[WhiteElo "2368"]
[BlackElo "2013"]
[WhiteFideId "24147338"]
[BlackFideId "44134932"]
[EventDate "2019.10.05"]

1. e4 c5 2. Nf3 d6 3. d4 cxd4 4. Nxd4 Nf6 5. Nc3 a6 6. Be2 e5 7. Nb3 Be7 8. O-O
O-O 9. a4 Be6 10. Bf3 Nc6 11. Be3 Rc8 12. Nd5 Bxd5 13. exd5 Na5 14. Nd2 Qc7 15.
Rc1 Nc4 16. Nxc4 Qxc4 17. b3 Qc3 18. Bd2 Qc7 19. c4 a5 20. Be2 Ne4 21. Be3 Nc5
22. f4 exf4 23. Bxf4 Qb6 24. Rf3 Nxa4+ 25. Be3 Nc5 26. Bd4 f5 27. Bd3 g6 28.
Bxf5 Rxf5 29. Rxf5 gxf5 30. Rc3 Bf6 31. Rg3+ Kf8 32. Kf1 Re8 33. Qh5 Bxd4 34.
Qxf5+ Ke7 35. Qxh7+ Kd8 36. Qh4+ Kc7 37. Qxd4 Qb4 38. Qd1 a4 0-1

[Event "Chigorin Memorial 2019"]
[Site "St Petersburg RUS"]
[Date "2019.10.06"]
[Round "2.84"]
[White "Purtov, Andrei"]
[Black "Shinkarov, Artem"]
[Result "0-1"]
[WhiteTitle "IM"]
[WhiteElo "2353"]
[BlackElo "1845"]
[WhiteFideId "4102037"]
[BlackFideId "54153867"]
[EventDate "2019.10.05"]

1. e4 e6 2. Qe2 c5 3. g3 Nc6 4. Nf3 Nge7 5. Bg2 d6 6. O-O g6 7. c3 Bg7 8. Rd1 e5
9. d3 O-O 10. Nbd2 h6 11. Nf1 Be6 12. Nh4 d5 13. f4 d4 14. c4 Qd7 15. Nf3 Kh7
16. h4 exf4 17. gxf4 Bg4 18. N1h2 Bh5 19. Re1 Rae8 20. Qf2 Ng8 21. a3 a5 22. b3
Nf6 23. Qg3 Qc7 24. Rb1 Nd7 25. Bd2 Ra8 26. Kh1 Ra6 27. Bh3 Re8 28. Rg1 Nf8 29.
Qf2 Ne6 30. Ne1 Qd8 31. Bg4 Bxg4 32. Nxg4 f5 33. exf5 gxf5 34. Ne5 Nxe5 35. fxe5
Kh8 36. Nf3 Nf8 37. h5 Qd7 38. Rg2 Qf7 39. Rbg1 Qxh5+ 40. Rh2 Qf7 41. Ng5 Qc7
42. Qxf5 Kg8 43. e6 hxg5 44. Bxg5 Qc6+ 45. Rhg2 Rxe6 46. Bf6 Rxf6 0-1

[Event "Chigorin Memorial 2019"]
[Site "St Petersburg RUS"]
[Date "2019.10.06"]
[Round "2.85"]
[White "Gevorgyan, David Sh."]
[Black "De Luna Butz, Alberto"]
[Result "1-0"]
[WhiteTitle "IM"]
[WhiteElo "2336"]
[BlackElo "1770"]
[WhiteFideId "13303244"]
[BlackFideId "2269007"]
[EventDate "2019.10.05"]

1. d4 c5 2. d5 f5 3. c4 Nf6 4. Nc3 g6 5. Nf3 d6 6. g3 Bg7 7. Bg2 Na6 8. O-O O-O
9. Rb1 Nc7 10. b3 Rb8 11. Ng5 h6 12. Nh3 b5 13. cxb5 Nxb5 14. Nxb5 Rxb5 15. Bb2
e5 16. dxe6 Bxe6 17. Nf4 Bf7 18. Nd5 Re8 19. Nxf6+ Bxf6 20. Bc6 1-0

[Event "Chigorin Memorial 2019"]
[Site "St Petersburg RUS"]
[Date "2019.10.06"]
[Round "2.86"]
[White "Kavyev, Ruslan"]
[Black "Ananjev, Ilija"]
[Result "1-0"]
[WhiteElo "2228"]
[BlackElo "1741"]
[WhiteFideId "34110981"]
[BlackFideId "34166979"]
[EventDate "2019.10.05"]

1. e4 c5 2. Nf3 d6 3. d4 cxd4 4. Nxd4 Nf6 5. Nc3 a6 6. g3 g6 7. Bg2 Bg7 8. O-O
Bg4 9. Qe1 Qd7 10. Bg5 h6 11. Bxf6 Bxf6 12. Nb3 Be6 13. Qe3 Qc7 14. Nd4 Bc4 15.
Nd5 Bxd5 16. exd5 Nd7 17. Rad1 Kf8 18. b3 Kg7 19. c4 Rac8 20. h4 h5 21. Bh3 Rcd8
22. Rfe1 Qc5 23. a4 Ne5 24. Kg2 Rhe8 25. Qe4 Kh7 26. Rf1 Nd7 27. Rfe1 Bxd4 28.
Rxd4 Nf6 29. Qd3 b5 30. cxb5 axb5 31. b4 Qc7 32. Qxb5 Qa7 33. Red1 Rb8 34. Qc6
Rb6 35. Qc2 1-0

[Event "Chigorin Memorial 2019"]
[Site "St Petersburg RUS"]
[Date "2019.10.06"]
[Round "2.87"]
[White "Podetti, Davide"]
[Black "Chesnokova, Anna"]
[Result "1-0"]
[WhiteElo "2203"]
[BlackElo "1683"]
[WhiteFideId "893617"]
[BlackFideId "34237453"]
[EventDate "2019.10.05"]

1. e4 e6 2. d4 d5 3. Nc3 dxe4 4. Nxe4 Nd7 5. g3 Ngf6 6. Nxf6+ Nxf6 7. Bg2 c5 8.
Nf3 cxd4 9. Qxd4 Be7 10. O-O O-O 11. c4 Qxd4 12. Nxd4 e5 13. Nb5 a6 14. Nc3 Be6
15. b3 Rab8 16. Be3 Bb4 17. Na4 b5 18. Nc5 Bxc5 19. Bxc5 Rfd8 20. Ba7 bxc4 21.
Bxb8 Rxb8 22. bxc4 Bxc4 23. Rfc1 Bb5 24. Rab1 Rd8 25. Rb2 Kf8 26. Bf1 Rd5 27.
Bxb5 axb5 28. Rcb1 Ne4 29. Rxb5 Rxb5 30. Rxb5 Nc3 31. Rb2 Ke7 32. Rc2 Nd5 33. a4
Kd6 34. a5 Nc7 35. Kg2 f5 36. Kf3 g5 37. g4 e4+ 38. Ke3 Nd5+ 39. Kd4 Nb4 40. Rc4
Nc6+ 41. Rxc6+ 1-0

[Event "Chigorin Memorial 2019"]
[Site "St Petersburg RUS"]
[Date "2019.10.06"]
[Round "2.88"]
[White "Stepanyan, Eva"]
[Black "Strybuk, Artsiom I"]
[Result "0-1"]
[WhiteTitle "WFM"]
[BlackTitle "FM"]
[WhiteElo "1922"]
[BlackElo "2179"]
[WhiteFideId "34165980"]
[BlackFideId "13515659"]
[EventDate "2019.10.05"]

1. e4 e5 2. Nf3 Nc6 3. Bb5 Nf6 4. d3 Bc5 5. O-O d6 6. c3 O-O 7. Re1 Bb6 8. h3
Ne7 9. Nbd2 Ng6 10. d4 c6 11. Bf1 Re8 12. Qc2 h6 13. Nc4 Be6 14. Ne3 Qc7 15. Bd2
Rad8 16. Rad1 a6 17. Bc1 Ba7 18. b3 exd4 19. cxd4 Bc8 20. Nd5 Nxd5 21. exd5 Ne7
22. dxc6 Qxc6 23. Qxc6 Nxc6 24. Bb2 Nb4 25. a3 Nd5 26. Bc4 Be6 27. a4 Bb6 28.
Re2 Ba5 29. Nd2 Rb8 30. Bxd5 Bxd5 31. Rxe8+ Rxe8 32. Nc4 Bb4 33. Rc1 Re2 34. Bc3
Bxc4 35. bxc4 Bxc3 36. Rxc3 Ra2 37. Rb3 Rxa4 38. Rxb7 Rxc4 39. Rb6 Rxd4 40. Rxa6
Rd1+ 41. Kh2 g6 42. Kg3 Kg7 43. Kf3 Kf6 44. Ke2 Rd5 45. Ke3 Ke6 46. Rb6 Ra5 47.
Ke2 h5 48. Ke3 Ra7 49. Ke4 g5 50. Kd4 f6 51. Rb8 Ra4+ 52. Ke3 h4 53. Re8+ Kd5
54. Rf8 Ra3+ 55. Ke2 Ke6 56. Re8+ Kd7 57. Rf8 Ke7 58. Rb8 Ra4 59. Ke3 Ke6 60.
Re8+ Kd5 61. Rf8 Re4+ 62. Kd3 Re6 63. g3 hxg3 64. fxg3 Ke5 65. h4 g4 66. h5 f5
67. Ke3 Rh6 68. Re8+ Kd5 69. Kf4 Rxh5 70. Rf8 Kd4 71. Re8 d5 72. Rd8 Rh3 73. Rd7
Kc4 74. Rc7+ Kd3 75. Rd7 d4 76. Ke5 Rxg3 77. Rxd4+ Ke3 78. Ra4 Rf3 79. Ra3+ Kf2
80. Ra2+ Kg3 81. Kf6 f4 82. Kf5 Rb3 83. Ra4 Rb5+ 84. Ke4 f3 85. Ra3 Rb8 0-1